| 000 | 00971cam a2200265 a 4500 | ||
|---|---|---|---|
| 005 | 20191105095812.0 | ||
| 008 | 191105s2013 sp a gr 000 0 spa d | ||
| 015 | _aNNN | ||
| 020 | _a9788484438717 | ||
| 040 |
_aCO-BoUCM _bspa _cSaul Niño _dSaul Niño |
||
| 041 | 0 | _aspa | |
| 100 | 1 |
_aBrennan, Brian _999108 |
|
| 245 | 1 | 0 |
_aDe tú a tú _bespañol para clases privadas, A2/B1 _cBrian Brennan, Daniel Sánchez |
| 260 |
_aBarcelona _bDifusión _c2013 |
||
| 300 |
_a160 páginas _bilustraciones _e1 CD (Disco compacto) |
||
| 650 | 0 |
_aLengua española _xEnseñanza _945733 |
|
| 650 | 7 |
_aEspañol _xEstudiantes extranjeros _914900 |
|
| 650 | 7 |
_aEspañol _xLibros de texto para extranjeros _914900 |
|
| 650 | 7 |
_aEspañol _xGramática _97588 |
|
| 650 | 7 |
_aEspañol _xPronunciación _988863 |
|
| 650 | 7 |
_aLingüística aplicada _9439 |
|
| 700 | 1 |
_aSánchez Peralta, Daniel _999109 |
|
| 942 |
_2DEWEY _a12 _cLIBRORESER _e1 _h468 _mB838e |
||
| 999 |
_c315650 _d315650 |
||